| 000 | 00843nam a22002175i 4500 | ||
|---|---|---|---|
| 001 | 159865 | ||
| 003 | ES-MaACL | ||
| 005 | 20250901032929.0 | ||
| 008 | 040928s1832 xxk |||| | eng d | ||
| 040 |
_aCAM _bspa _cCAM |
||
| 100 | 1 |
_aMoir, David Macbeth. _981810 |
|
| 245 | 1 | 0 |
_aProofs of the contagion of malignant chorera / _cby D.M. Moir. |
| 260 |
_aEdinburgh : _bWilliam Blackwood ; _aLondon : _bT. Cadell, _c1832 ( _eLondon : _fprinted by William Clowes) |
||
| 300 |
_a88 p. ; _c22 cm. |
||
| 596 | _aEn colofón consta el imp.: Edinburgh : printed by Ballantyne and Company. | ||
| 650 | 7 |
_aCólera _2embne _911143 |
|
| 752 |
_aGran Bretaña - _dEdimburgo |
||
| 752 |
_aReino Unido - _dLondres |
||
| 852 |
_aES-MaACL _jT-489-F _z-- Enc. hol. _q-- Falto de la cub. original _z-- Enc. en un vol. facticio |
||
| 999 |
_c159865 _d159865 |
||